Banderas de los países que hacen frontera con Rusia - Estadísticas

Estadísticas generales
  • Esta prueba ha sido intentada 111 veces
  • La puntuación promedio es 14 de 14
Estadísticas de respuestas
Imagen Respuesta % Correcto
Finlandia
100%
Noruega
100%
Ucrania
100%
China
99%
Georgia
99%
Corea del Norte
98%
Estonia
98%
Kazajistán
98%
Lituania
97%
Polonia
97%
Bielorrusia
96%
Letonia
94%
Azerbaiyán
91%
Mongolia
89%
No se encontraron pruebas coincidentes
Distribución de puntuación
Porcentaje de gente con cada puntuación
Porcentaje por número respondido
Historial de tus puntuaciones
No has intentado esta prueba.